1889 1302 1335 1892 1365 1274 1493 1193 1024 1407 1625 1056 1041 1125 1091 1142 1993 1688 1234 1443 1377 1658 1303 1608 1992 1724 1028 1360 1641 1860 1343 1712 1447 1664 1979 1279 1826 1226 1788 1457 1849 1395 1962 1948 1240 1334 1810 1920 1445 1938 1690 1780 1153 1645 1840 1722 1284 1565 1872 1848 1320 1695 1228 1385 1197 1098 1539 1403 1885 1635 1150 1413 1473 1680 1491 1457 1710 1940 1767 1613 1648 1852 1589 1881 1302 1198 1872 1887 1589 1690 1094 1891 1299 1743 1155 1029 1066 1990 1135 BCNSPRNW ULIB Ver.6.0+V

เปลี่ยนเป็นภาษาไทย

Change to English
 แสดงรายละเอียดบรรณานุกรม
  กลับหน้าหลัก

Brief Record : Get Marc (ISO 2709) : E-mail record : QR code < ปิดหน้าต่าง
LEADER : 00000nam 2200000uu 4500
001    13399111657
003     ULIB
008    110627s||||||||th 000 0 tha d
020    9786165000345
090    นว.^bณ429ต 2553
100 0  ณารา
245 00 ตราบสิ้นสิเน่หา/^cณารา
250    พิมพ์ครั้งที่ 2
260    กรุงเทพฯ :^bพิมพ์คำ,^c2553
300    488 หน้า
945    ^p290^l0^i028054
995    ทศพร
999 ^a ใช้งานได้ทุกระบบ
รายการนี้ยังไม่มีแท็ก
คุณยังไม่ได้ล็อกอิน คุณสามารถมีกิจกรรมร่วมกับเว็บไซต์ได้ แต่ต้องล็อกอินก่อน ::
  ล็อกอิน

รายการสื่อสารสนเทศ

ลำดับที่ ประเภท เลขเรียก/บาร์โค้ด สถานที่ สถานะ
1. นวนิยาย
นวนิยาย
นว. ณ429ต 2553 ฉ.1 
  Barcode: 028054
ห้องสมุดวิทยาเขตสวรรค์ประชารักษ์
►นวนิยาย
ถูกยืม กำหนดส่งวันที่ 9 ธันวาคม 2559
  จอง

รายการใกล้เคียง
    ผู้แต่ง [ณารา]

BibComment


ยังไม่เคยถูกคอมเมนท์

คอมเมนท์ทรัพยากรรายการนี้
  คอมเมนท์: ตราบสิ้นสิเน่หา ณ..


 Copyright 2026. Bcnsprnw @Library